000 00669nam a2200217 a 4500
005 20240910064141.0
008 010625s1997 r 000 0 eng d
020 _a9505185650
035 _aUPN01000108896
049 _aCG
050 4 _aBF575 L8
_bP6.28
100 1 _aPommier, Gérard
245 1 3 _aEl amor al revés:
_bensayo sobre la transferencia en psicoanálisis /
_cGérard Pommier ; tr. Irene Agoff.
260 _aBuenos Aires :
_bAmorrortu,
_c1997.
300 _a465 p.
440 0 _aBiblioteca de psicología y psicoanálisis
650 4 _aAmor
_94320
650 2 _aTransferencia (Psicología)
_95930
650 4 _aPsicoanálisis
_91572
905 _aLibro
999 _c82807
_d82807